000
00309nam a22001337a 4500
008
180424b xxu||||| |||| 00| 0 eng d
020
_a
9781589239340
041
_a
eng
080
_a
7
100
_a
44
101
_a
ART
245
_a
Designing Clothes with the Flat Pattern Method
_c
Alm,S
942
_2
udc
_c
BK
999
_c
45481
_d
45481